State of trade survey (Record no. 82342)

MARC details
000 -LEADER
fixed length control field 00818cad a22002055a 4500
001 - CONTROL NUMBER
control field L149943
008 - FIXED-LENGTH DATA ELEMENTS--GENERAL INFORMATION
fixed length control field 100519e20101014xxk f 000 0 eng d
035 ## - SYSTEM CONTROL NUMBER
System control number (Sirsi) u149943
041 0# - LANGUAGE CODE
Language code of text/sound track or separate title eng
110 2# - MAIN ENTRY--CORPORATE NAME
Corporate name or jurisdiction name as entry element Federation of Master Builders
9 (RLIN) 465
245 00 - TITLE STATEMENT
Title State of trade survey
Remainder of title Q1 2010
Medium [electronic resource]
260 ## - PUBLICATION, DISTRIBUTION, ETC.
Date of publication, distribution, etc. 2010
490 ## - SERIES STATEMENT
Series statement Federation of Master Builders State of Trade Survey
Volume/sequential designation First quarter 2010
520 ## - SUMMARY, ETC.
Summary, etc. Covers summary, workload, expected workload and enquiries, materials, employment and labour, and UK regional perspective.
590 ## - LOCAL NOTE (RLIN)
Local note KA NTK
651 #4 - SUBJECT ADDED ENTRY--GEOGRAPHIC NAME
Geographic name United Kingdom
Chronological subdivision
690 ## - LOCAL SUBJECT ADDED ENTRY--TOPICAL TERM (OCLC, RLIN)
Topical term or geographic name as entry element BUILT ENVIRONMENT-CONSTRUCTION MARKET
856 40 - ELECTRONIC LOCATION AND ACCESS
Uniform Resource Identifier <a href="https://www.pwc.com/th/en/publications/confronting-corruption.jhtml">https://www.pwc.com/th/en/publications/confronting-corruption.jhtml</a>
Public note View the item free of charge at the fmb.org.uk website.
942 ## - ADDED ENTRY ELEMENTS (KOHA)
Suppress in OPAC 0
Holdings
Withdrawn status Lost status Source of classification or shelving scheme Damaged status Not for loan Home library Current library Shelving location Date acquired Total Checkouts Full call number Barcode Date last seen Copy number Price effective from Koha item type
    Dewey Decimal Classification     Virtual Virtual Online 19/05/2010   ONLINE PUBLICATION 149943-2001 06/08/2019 1 06/08/2019 Book